ARRUPE JESUIT UNIVERSITY

CORONAVIRUS -STOP THE SPREAD - CLEAN,DISINFECT,COVER

Theological reimagination : (Record no. 121538)

MARC details
000 -LEADER
fixed length control field 00780nam a22002415i 4500
001 - CONTROL NUMBER
control field 18305163
003 - CONTROL NUMBER IDENTIFIER
control field ARRUPE
005 - DATE AND TIME OF LATEST TRANSACTION
control field 20150122155414.0
008 - FIXED-LENGTH DATA ELEMENTS--GENERAL INFORMATION
fixed length control field 140917s2013 ke b 000 0 eng
010 ## - LIBRARY OF CONGRESS CONTROL NUMBER
LC control number 2013440493
020 ## - INTERNATIONAL STANDARD BOOK NUMBER
International Standard Book Number 9789966088628
040 ## - CATALOGING SOURCE
Original cataloging agency DLC
Language of cataloging eng
Transcribing agency DLC
Description conventions rda
042 ## - AUTHENTICATION CODE
Authentication code lcode
-- pcc
050 ## - LIBRARY OF CONGRESS CALL NUMBER
Classification number BT 30 A9.T391
300 ## - PHYSICAL DESCRIPTION
Dimensions 21 cm
100 1# - MAIN ENTRY--PERSONAL NAME
Personal name Orabator, Agbonkhianmeghe E (ed.)
9 (RLIN) 13565
245 10 - TITLE STATEMENT
Title Theological reimagination :
Remainder of title conversations on church, religion, and society in Africa /
Statement of responsibility, etc Agobonkhianmeghe E. Orabator.
300 ## - PHYSICAL DESCRIPTION
Extent 304 pages ;
504 ## - BIBLIOGRAPHY, ETC. NOTE
Bibliography, etc Includes bibliographical references.
650 ## - SUBJECT ADDED ENTRY--TOPICAL TERM
Topical term or geographic name as entry element Theology, Doctrinal
Geographic subdivision Africa
9 (RLIN) 8574
906 ## - LOCAL DATA ELEMENT F, LDF (RLIN)
a 0
b ibc
c origode
d 3
e ncip
f 20
g y-gencatlg
942 ## - ADDED ENTRY ELEMENTS (KOHA)
Source of classification or shelving scheme Library of Congress Classification
Koha item type Monograph ( Printed materials)
Holdings
Withdrawn status Lost status Source of classification or shelving scheme Damaged status Not for loan Collection code Home library Current library Shelving location Date acquired Total Checkouts Full call number Barcode Date last seen Price effective from Koha item type
    Library of Congress Classification     Main Collection ARRUPE LIBRARY ARRUPE LIBRARY Main Collection 08/01/2015   BT30.A4 T391 46500003408 08/01/2015 08/01/2015 Monograph ( Printed materials)

 

Arrupe Library. PO Box MP320 Mt Pleasant, Harare, Zimbabwe
263 242 745411|librarian@aju.ac.zw